| 000 | 00674nam a22002297a 4500 | ||
|---|---|---|---|
| 003 | UA-OsUOA | ||
| 001 | 32156 | ||
| 007 | ta | ||
| 008 | 20050124b un ||||| |||| 00| 0 ukr d | ||
| 090 |
_a141.82 _bР17 |
||
| 942 | _cBK | ||
| 040 |
_aUA-OsUOA _brus _cUA-OsUOA _dUA-OsUOA |
||
| 245 |
_aРазвитие В. И. Лениным экономической теории социализма и коммунизма _cРед. А. И.Пашков Л. М.Гатовский И. А.Гладков |
||
| 300 | _a414 с. | ||
| 955 | _a0 | ||
| 041 | _arus | ||
| 080 | _a141.82 | ||
| 260 |
_aМосква _bМысль _c1969 |
||
| 044 | _aRU | ||
| 650 | 7 | _2UDC | |
| 999 |
_c318594 _d318594 |
||